04888nam a2200385Ia 4500001000900000003000500009005001700014007000300031008004100034010001100075040002300086041001300109100003600122240011600158245015400274264004200428300007300470336002700543337002800570338002800598500004800626502010200674504003400776505010500810520181500915520146102730650005004191650001604241650001904257650004104276700004204317700004304359700004304402856005704445dia_5532CHAP20240830133933.0ta220117s2014 mx beo frm 001 0 spa d a176473 cCHAPamxchpuaerda0 aspabeng1 aSánchez Gallegos, José Luis10aTechnical and economical feasiblity study for a planta production of brown sugar in Tzimol, Chiapas.lEspañol10aEstudio de factibilidad técnico-económico de una planta productora de panela en el municipio de Tzimol, Chiapas /cJosé Luis Sánchez Gallegos aChapingo, México :bEl autor,c2014 aix, 107 hojas :bmapas, diagramas, tablas, fotos, planos +e1 CD-ROM 2rdacontentatextobtxt 2rdamediaano mediadobn 2rdacarrieravolumenbnc aLos planos están incluidos en el reporte. aTesis b(Ingeniero Agroindustrial) -- cUACh. Departamento de Ingeniería Agroindustrial, d2014 aBibliografía: hojas 104-10700a2 planos -- 1. Distribución de áreas (Esc. 1:100) -- 2. Distribución de áreas 2 (Esc. 1:100)3 aEl presente estudio evaluó la rentabilidad de un sistema de producción de panela y panela granulada, el cual estará ubicado en el municipio de Tzimol, en el estado de Chiapas. Para este proyecto se ha determinado que es necesario realizar una inversión de $ 6 838,153.00 siendo $ 6 313,717.00 de inversión fija y $ 459,440 de capital de trabajo. En el estado de Chiapas y en particular en el municipio de Tzimol, la producción de panela es una de las principales actividades económicas, sin embargo, existe un grupo de pequeños productores que se encuentran desorganizados y vulnerables al intermediarismo, por lo que se han visto en la necesidad de agruparse para mejorar las condiciones de mercado. El objetivo de esta investigación fue determinar la factibilidad técnica y económica para el desarrollo de una planta productora de panela y panela granulada para el grupo “Unión de Productores de Panela y Caña de Azúcar de Tzimol”. El análisis se realizó a 8 años, obteniendo en la evaluación financiera los principales indicadores, una VAN de 7 652,869, una relación B/C de 1.09, mientras que la Tasa Interna de Rentabilidad (TIR) fue de 29.62%. Los límites de aceptabilidad se encuentran para el aumento del precio de la materia prima, el proyecto llega a soportar un aumento de hasta el 15%; para la disminución del precio de venta el proyecto puede mantenerse como viable con una disminución de hasta un 10%. Además el proyecto logra soportar la disminución del 15% en su rendimiento. Con base en estos indicadores, se concluyó que el proyecto resulta viable desde el punto de vista económico. La rentabilidad del proyecto de inversión es buena y la producción de panela y panela granulada cuenta con buenas perspectivas de comercialización. 3 aThis study assessed the profitability of a brown sugar production which will be located in the community of Tzimol in the state of Chiapas. For this project it will be needed an investment of $ 6 838,157.00, were $ 6 313,717 will be in fixed investment and $ 459,440 for working capital. In the state of Chiapas, particularly in the town of Tzimol, brown sugar production is one of the most important economic activities, however, there is a group of small producers who are disorganized and vulnerable to middlemen, so they have been grouped the need to improve market conditions. The objective of this research was to determine the technical and economic feasibility for the development of a plant producing brow sugar for the group “Union of Producers of Brown Sugar and Sugarcane of Tzimol”. The analysis was performed to 8 years, obtaining in the financial evaluation the key indicators, NPV of 7 652,869.00, B/C of 1.09 while the IRR = 29.62%. The limits of acceptability are for increased raw material prices; therefore the project is to support an increase of up to 15%, for a reduction of a selling price the project can remain viable with a decrease up to 10%. Also the project can support an achieved of 15% decrease in production. Based on these indicators, it was concluded that the project is feasible from an economic standpoint. The profitability of the investment project is good and the brown sugar production has good marketability. 13aIndustria azucarerazMéxicozChiapas 2atg17aPanela2atg13aJaggery 2atg13aSugar industryzMexicozChiapas2atg1 aYbarra Moncada, Ma. Carmenedirectora1 aGarcía Chávez, Luis Ramiroeasesor1 aMartínez Mosqueda, Franciscoeasesor41uhttp://10.13.5.2/tesis/sist109726.pdfyDESCARGAR PDF